"To evlove a theoretical framework in science education based on situated cognition approach" (Record no. 1391440)

MARC details
000 -LEADER
fixed length control field 00610nam a2200193Ia 4500
005 - DATE AND TIME OF LATEST TRANSACTION
control field 20250508164827.0
008 - FIXED-LENGTH DATA ELEMENTS--GENERAL INFORMATION
fixed length control field 008 250505s9999 xx 000 0 eng d
037 ## - SOURCE OF ACQUISITION
Stock number Dissertations
040 ## - CATALOGING SOURCE
Original cataloging agency FEDL
Language of cataloging eng
Transcribing agency FEDL
041 ## - LANGUAGE CODE
Language code of text/sound track or separate title eng
Source of code eng
084 ## - COLON CLASSIFICATION NUMBER
Classification number 155.413, JOS/JOS
Assigning agency FEDL
100 ## - MAIN ENTRY--PERSONAL NAME
Personal name Joshi Aparna Vijay
9 (RLIN) 779227
245 #0 - TITLE STATEMENT
Title "To evlove a theoretical framework in science education based on situated cognition approach"
260 ## - PUBLICATION, DISTRIBUTION, ETC.
Date of publication, distribution, etc. 2004
300 ## - PHYSICAL DESCRIPTION
Extent 134p.
546 ## - LANGUAGE NOTE
Language note M. Phil. Dissertation (Delhi University)
942 ## - ADDED ENTRY ELEMENTS (KOHA)
Koha item type Dissertations
Classification part 155.413, JOS/JOS
Holdings
Withdrawn status Lost status Damaged status Not for loan Home library Current library Date acquired Total Checkouts Full call number Barcode Date last seen Price effective from Koha item type
        Department of Education Library Department of Education Library 2025-05-08   155.413, JOS/JOS EL0085070 2025-05-08 2025-05-08 Dissertations
Copyright @ Delhi University Library System